| 000 | 01136nam a2200313 i 4500 | ||
|---|---|---|---|
| 003 | DO-SdBNP | ||
| 005 | 20240424132722.0 | ||
| 008 | 091117s1997 dr ac 000 0 spa d | ||
| 020 | _a8482610198 (cuaderno) | ||
| 040 |
_aDO-SdBNP _bspa _cBNPHU _erda |
||
| 082 |
_222 _bM722 |
||
| 100 | 1 |
_aMolina Maloon, Andrés _96596 _eautor |
|
| 245 | 1 | 0 |
_aMatemáticas 3 : _beducación básica. / _cAndrés Molina Maloon ; dirección editorial Obdulia García de Escobar ; ilustraciones Kassy Jazmín, Frank Suárez |
| 250 | _a2a. edición | ||
| 264 | 1 |
_aSanto Domingo, : _bSantillana, _c1997. |
|
| 300 |
_a63 páginas _bilustraciones, retratos _c28 cm. |
||
| 336 |
_2rdacontent _atexto _btxt |
||
| 337 |
_2rdamedia _asin mediación _bn |
||
| 338 |
_2rdacarrier _avolumen _bnc |
||
| 490 | 1 | _aSantillana, básica | |
| 500 | _aEducación básica | ||
| 500 | _aLa biblioteca posee el cuaderno. | ||
| 590 | _aInventariado, 2024/ YL | ||
| 700 | 1 |
_aGarcía Escobar, Obdulia de _edirección _929220 |
|
| 700 | 1 |
_aJazmín, Kassy _eilustraciones _923171 |
|
| 700 | 1 |
_aSuárez, Frank _eilustraciones _910209 |
|
| 910 | _aYLockward | ||
| 942 |
_2ddc _cLBS1 |
||
| 999 |
_c56488 _d56488 |
||